A Quiz About Mozart - Statistics

General Stats
  • This quiz has been taken 876 times
    873 since last reset
  • The average score is 16 of 27
Answer Stats
Hint Answer % Correct
Death city Vienna
90%
Instruments he wrote concertos for Violin
88%
Instruments he wrote concertos for Piano
86%
Movie that won a Best Picture oscar Amadeus
81%
Instruments he wrote concertos for Flute
77%
Birth city Salzburg
77%
Instruments he wrote concertos for Cello
75%
Instruments he wrote concertos for Viola
74%
Instruments he wrote concertos for Clarinet
71%
His supposed rival in that movie Antonio Salieri
69%
Instruments he wrote concertos for Oboe
68%
Age (in words) he wrote his 1st Symphony, K 16 Eight
64%
Die Zauberflöte, premiered the year he died The Magic Flute
64%
Instruments he wrote concertos for Harp
63%
Instruments he wrote concertos for Trumpet
61%
Instruments he wrote concertos for Horn
57%
Opera featuring a sword-fight won by a womanizer Don Giovanni
55%
Opera featuring a double wedding The Marriage of Figaro
55%
Instruments he wrote concertos for Bassoon
51%
... 41st symphony, K 551 Jupiter
44%
Wife's name Constanze
40%
Conductor at the premiere of all 3 operas Wolfgang Mozart
35%
Actor who played the rival, winning an Oscar for it F Murray Abraham
28%
What K stands for Köchel
28%
Actor who played Mozart Tom Hulce
26%
... 31st symphony, K 297 Paris
22%
... 35th symphony, K 385 Haffner
17%
No matching quizzes found
Score Distribution
Percent of People with Each Score
Percentile by Number Answered
Your Score History
You have not taken this quiz since the last reset